<?xml version="1.0" encoding="UTF-8"?>
<record
    xmlns:xsi="http://www.w3.org/2001/XMLSchema-instance"
    xsi:schemaLocation="http://www.loc.gov/MARC21/slim http://www.loc.gov/standards/marcxml/schema/MARC21slim.xsd"
    xmlns="http://www.loc.gov/MARC21/slim">

  <leader>01152nam a2200265   4500</leader>
  <datafield tag="999" ind1=" " ind2=" ">
    <subfield code="c">12773</subfield>
    <subfield code="d">12773</subfield>
  </datafield>
  <controlfield tag="003">DO-SdUA</controlfield>
  <controlfield tag="005">20250325093538.0</controlfield>
  <controlfield tag="008">      s2020    dr a|| |||| 0 |a||0|spa d</controlfield>
  <datafield tag="040" ind1=" " ind2=" ">
    <subfield code="a">DO-SdUA</subfield>
    <subfield code="b">spa</subfield>
    <subfield code="c">DO-SdUA</subfield>
  </datafield>
  <datafield tag="041" ind1="0" ind2=" ">
    <subfield code="a">spa</subfield>
  </datafield>
  <datafield tag="092" ind1=" " ind2=" ">
    <subfield code="a">MA-EFD 0056 FCE 2020</subfield>
  </datafield>
  <datafield tag="100" ind1="1" ind2=" ">
    <subfield code="a">Gautrezux Santana, Francisco Esteban </subfield>
  </datafield>
  <datafield tag="245" ind1="1" ind2="0">
    <subfield code="a">Desarrollo de la fuerza y su incidencia como capacidad f&#xED;sica para el entrenamiento deportivo, Liceo Pedro S&#xE1;nchez, Provincia El Seibo, a&#xF1;o 2019 /</subfield>
    <subfield code="c">Francisco Esteban Gautrezux Santana.</subfield>
  </datafield>
  <datafield tag="260" ind1=" " ind2=" ">
    <subfield code="a">San Pedro de Macor&#xED;s :</subfield>
    <subfield code="b">UASD,</subfield>
    <subfield code="c">2020.</subfield>
  </datafield>
  <datafield tag="300" ind1=" " ind2=" ">
    <subfield code="a">63 h. :</subfield>
    <subfield code="b">il.</subfield>
  </datafield>
  <datafield tag="502" ind1=" " ind2=" ">
    <subfield code="a">Tesis y trabajo de grado (Maestr&#xED;a en Educaci&#xF3;n F&#xED;sica y el Deporte)--Universidad Aut&#xF3;noma de Santo Domingo, San Pedro de Macor&#xED;s, 2020.</subfield>
  </datafield>
  <datafield tag="504" ind1=" " ind2=" ">
    <subfield code="a">Incluye referencias bibliogr&#xE1;ficas.</subfield>
  </datafield>
  <datafield tag="650" ind1=" " ind2="7">
    <subfield code="2">lemb</subfield>
    <subfield code="9">10444</subfield>
    <subfield code="a">Educaci&#xF3;n f&#xED;sica</subfield>
  </datafield>
  <datafield tag="650" ind1=" " ind2="7">
    <subfield code="2">lemb</subfield>
    <subfield code="9">14122</subfield>
    <subfield code="a">Fuerza muscular</subfield>
  </datafield>
  <datafield tag="650" ind1=" " ind2="7">
    <subfield code="2">lemb</subfield>
    <subfield code="9">11768</subfield>
    <subfield code="a">Entrenamiento atl&#xE9;tico</subfield>
  </datafield>
  <datafield tag="650" ind1=" " ind2="0">
    <subfield code="2">lemb</subfield>
    <subfield code="9">50883</subfield>
    <subfield code="a">Liceos</subfield>
  </datafield>
  <datafield tag="651" ind1=" " ind2="7">
    <subfield code="9">54066</subfield>
    <subfield code="a">El Seibo (Provincia)</subfield>
    <subfield code="y">2019</subfield>
  </datafield>
  <datafield tag="830" ind1=" " ind2=" ">
    <subfield code="a">Tesis y disertaciones acad&#xE9;micas (Universidad Aut&#xF3;noma de Santo Domingo)</subfield>
  </datafield>
  <datafield tag="942" ind1=" " ind2=" ">
    <subfield code="2">cl</subfield>
    <subfield code="c">T</subfield>
    <subfield code="n">0</subfield>
  </datafield>
</record>
